60 Random Countries on a World Map - Statistics

General Stats
  • This quiz has been taken 32 times
  • The average score is 53 of 60
Answers on the Map
Answers color-coded by a green-red scale on the quiz's map according to % correct below.
 
Answer Stats
Country % Correct
Algeria
100%
Argentina
100%
Australia
100%
Austria
100%
Belarus
100%
Bolivia
100%
Botswana
100%
Brazil
100%
Canada
100%
Cape Verde
100%
Chad
100%
Chile
100%
China
100%
Colombia
100%
Costa Rica
100%
Cuba
100%
Dominican Republic
100%
Ecuador
100%
Egypt
100%
Equatorial Guinea
100%
Eritrea
100%
Finland
100%
France
100%
Germany
100%
Greece
100%
Guatemala
100%
Guinea-Bissau
100%
Guyana
100%
Honduras
100%
Iceland
100%
India
100%
Indonesia
100%
Iraq
100%
Ireland
100%
Italy
100%
Laos
100%
Latvia
100%
Libya
100%
Madagascar
100%
Mali
100%
Malta
100%
Mexico
100%
Moldova
100%
Mongolia
100%
Morocco
100%
New Zealand
100%
Niger
100%
Nigeria
100%
North Korea
100%
North Macedonia
100%
Norway
100%
Oman
100%
Pakistan
100%
Panama
100%
Paraguay
100%
Peru
100%
Poland
100%
Portugal
100%
Russia
100%
Saudi Arabia
100%
Serbia
100%
Slovakia
100%
South Africa
100%
Spain
100%
Sri Lanka
100%
Sweden
100%
Switzerland
100%
Tajikistan
100%
Turkey
100%
United Kingdom
100%
United States
100%
Uruguay
100%
Venezuela
100%
Zimbabwe
100%
Liberia
92%
DR Congo
91%
Iran
91%
Kazakhstan
91%
Kenya
91%
Denmark
90%
Estonia
90%
Ethiopia
90%
Haiti
90%
Republic of the Congo
90%
Somalia
90%
Sudan
90%
Turkmenistan
90%
Central African Republic
89%
Jordan
89%
Kyrgyzstan
89%
Namibia
89%
Netherlands
89%
Romania
89%
South Korea
89%
Suriname
89%
Thailand
89%
Ukraine
89%
Belgium
88%
Croatia
88%
Czech Republic
88%
Papua New Guinea
88%
Taiwan
88%
Vietnam
88%
Bahamas
86%
Cambodia
86%
Hungary
86%
Japan
86%
Lithuania
86%
Maldives
86%
Nicaragua
86%
Solomon Islands
86%
Syria
86%
Togo
86%
Tuvalu
86%
Yemen
86%
Bosnia and Herzegovina
83%
Comoros
83%
El Salvador
83%
Eswatini
83%
Ivory Coast
83%
Lesotho
83%
Malaysia
83%
Mauritania
83%
Mauritius
83%
Mozambique
83%
Palau
83%
Sierra Leone
83%
Tunisia
83%
Uganda
83%
Afghanistan
80%
Angola
80%
Azerbaijan
80%
Belize
80%
Marshall Islands
80%
Nepal
80%
Uzbekistan
80%
Albania
78%
Bangladesh
78%
Bulgaria
78%
Kuwait
78%
Senegal
78%
Burundi
75%
Cameroon
75%
Fiji
75%
Gabon
75%
Israel
75%
Jamaica
75%
Sao Tome and Principe
75%
Armenia
71%
South Sudan
71%
Tanzania
71%
Benin
67%
Burkina Faso
67%
FS Micronesia
67%
Ghana
67%
Guinea
67%
Kosovo
67%
Myanmar
67%
Philippines
67%
Slovenia
67%
United Arab Emirates
67%
Vanuatu
67%
Zambia
63%
Malawi
60%
Nauru
60%
Samoa
60%
Tonga
60%
Georgia
57%
Kiribati
57%
Seychelles
56%
Rwanda
50%
No matching quizzes found
Score Distribution
Percent of People with Each Score
Percentile by Number Answered
Your Score History
You have not taken this quiz